Internet world

Saved in:
Bibliographic Details
Format: Serial
Language:English
Published: Westport, CT : Meckler Corp., c1992-1998
Subjects:
Tags: Add Tag
No Tags, Be the first to tag this record!

MARC

LEADER 00000nas a2200000 i 4500
001 1/27082
008 020830c19921998 eng d
022 |a 10643923 
035 |l 10068371 
040 |a GR-MY-UA  |b gre  |e aacr 
041 0 |a eng 
082 0 |a 384.305 
245 1 0 |a Internet world  |h [περιοδικό] 
260 |a Westport, CT :   |b Meckler Corp.,   |c c1992-1998 
300 |a 6 v.;  |b ill.;  |c 28 cm. 
310 |a Monthly 
650 0 0 |a Internet  |x Periodicals. 
650 0 0 |a Computer networks  |x Periodicals. 
650 0 0 |a Information networks  |x Periodicals. 
650 0 0 |a Computer systems  |x Periodicals. 
922 |a 3ΕΛΗ  |b 200208  |c ΤΜΗΜΑ ΜΑΘΗΜΑΤΙΚΩΝ  |d SWETS 
970 |a ΜΑΛΑΓΑΡΗ  |b ΦΩΤΕΙΝΗ  |z 20020830